00305 2200133 4500001002100000005001500021035002000036245004700056300000800103260002800111082000800139084001200147990001200159INLIS00000000000216320250527115401 a0010-0525000455 aCara Mencari Dana Sponsor /cGatut Saksono a223 bIndonesia Cerdas,c2007 a300 a300 CAR a0713248